Global economic recovery needed (Record no. 72132)

MARC details
000 -LEADER
fixed length control field 00993cam a2200217 4500
001 - CONTROL NUMBER
control field WB3907-14
008 - FIXED-LENGTH DATA ELEMENTS--GENERAL INFORMATION
fixed length control field 030219n2003 000 0 eng u
035 ## - SYSTEM CONTROL NUMBER
System control number (Sirsi) u121393
245 ## - TITLE STATEMENT
Title Global economic recovery needed
260 ## - PUBLICATION, DISTRIBUTION, ETC.
Date of publication, distribution, etc. 2003
490 ## - SERIES STATEMENT
Series statement RICS European Economic Brief
Volume/sequential designation 18 February 2003, (1)
520 ## - SUMMARY, ETC.
Summary, etc. According to the latest RICS Economic Brief on Germany, the country's economic prospects for 2003 have been dampened by tax rises and a weak profit climate. Construction output weakened in 2002 while business property demand has faltered as the technology sector bubble has burst. "Economic Brief: Germany" available at www.rics.org/downloads/brief/German_feb03.pdf www.rics.org/ricscms/bin/show?class=Brief&template=/includes/showbrief.html&id=449
590 ## - LOCAL NOTE (RLIN)
Local note WB
650 ## - SUBJECT ADDED ENTRY--TOPICAL TERM
Topical term or geographic name entry element GERMANY
650 ## - SUBJECT ADDED ENTRY--TOPICAL TERM
Topical term or geographic name entry element ECONOMY
650 ## - SUBJECT ADDED ENTRY--TOPICAL TERM
Topical term or geographic name entry element RICS ECONOMIC BRIEF
650 ## - SUBJECT ADDED ENTRY--TOPICAL TERM
Topical term or geographic name entry element PROPERTY MARKET
650 ## - SUBJECT ADDED ENTRY--TOPICAL TERM
Topical term or geographic name entry element CONSTRUCTION OUTPUT
690 ## - LOCAL SUBJECT ADDED ENTRY--TOPICAL TERM (OCLC, RLIN)
Topical term or geographic name as entry element INTERNATIONAL-EUROPE
942 ## - ADDED ENTRY ELEMENTS (KOHA)
Suppress in OPAC 0
Holdings
Withdrawn status Lost status Source of classification or shelving scheme Damaged status Not for loan Home library Current library Shelving location Date acquired Total Checkouts Full call number Barcode Date last seen Copy number Price effective from Koha item type
    Dewey Decimal Classification     London London News article 19/02/2003   WB3907-14 121393-1001 06/08/2019 1 06/08/2019 News article